000 00257nam a2200109Ia 4500
999 _c8431
_d8431
020 _a978-1285065137
100 _aBrigham and Houston
245 0 _aFundamentals of Financial Management
260 _aIndia
_bMcGraw Hill
_c1998
300 _a1180
942 _cBK